[Event "1. Bundesliga 2014/2015"]
[Site "Feffernitz, St. Veit/Glan, Mayrhofen"]
[Date "2014.11.23"]
[Round "4"]
[Board "3"]
[White "Schreiner, Peter"]
[Black "Predojevic, Borki"]
[Result "0-1"]
[WhiteElo "2435"]
[BlackElo "2618"]
[PlyCount "58"]
[EventDate "2014.11.20"]
[EventType "team"]
[EventRounds "11"]
[EventCountry "AUT"]
[WhiteTeam "SV Raika Rapid Feffernitz"]
[BlackTeam "Schachclub MPOE Maria Saal"]

1. d4 f5 2. g3 Nf6 3. Bg2 d6 4. Nf3 g6 5. c4 Bg7 6. O-O O-O 7. Nc3 Qe8 8. d5
Na6 9. Nd4 Bd7 10. Rb1 c6 11. dxc6 bxc6 12. b4 Nxb4 13. Rxb4 c5 14. Nd5 cxb4
15. Nc7 Qc8 16. Nxa8 Ne4 17. Nc2 Qxc4 18. Nc7 Qxc7 19. Nxb4 Be6 20. Be3 Qc4 21.
Qb3 Nc3 22. Bf3 Qxb3 23. axb3 Bxb3 24. Bxa7 e5 25. Re1 e4 26. Bg2 Rc8 27. Bf1
Nd1 28. Nd5 Rc1 29. Be3 Rb1 0-1

[Event "1. Bundesliga 2014/2015"]
[Site "Feffernitz, St. Veit/Glan, Mayrhofen"]
[Date "2014.11.23"]
[Round "4"]
[Board "4"]
[White "Kreisl, Robert"]
[Black "Diermair, Andreas"]
[Result "1/2-1/2"]
[WhiteElo "2421"]
[BlackElo "2463"]
[PlyCount "45"]
[EventDate "2014.11.20"]
[EventType "team"]
[EventRounds "11"]
[EventCountry "AUT"]
[WhiteTeam "Schachclub MPOE Maria Saal"]
[BlackTeam "SV Raika Rapid Feffernitz"]

1. Nf3 d5 2. d4 Nf6 3. c4 c6 4. Nc3 dxc4 5. a4 Bf5 6. Ne5 e6 7. f3 Bb4 8. e4
Bxe4 9. fxe4 Nxe4 10. Bd2 Qxd4 11. Nxe4 Qxe4+ 12. Qe2 Bxd2+ 13. Kxd2 Qd5+ 14.
Kc2 Na6 15. Nxc4 O-O 16. Qe5 Rab8 17. Rd1 Nb4+ 18. Kc1 Na2+ 19. Kc2 Nb4+ 20.
Kc1 Na2+ 21. Kc2 Nb4+ 22. Kc1 Na2+ 23. Kc2 1/2-1/2

[Event "1. Bundesliga 2014/2015"]
[Site "Feffernitz, St. Veit/Glan, Mayrhofen"]
[Date "2014.11.23"]
[Round "4"]
[Board "5"]
[White "Sebenik, Matej"]
[Black "Tratar, Marko"]
[Result "1/2-1/2"]
[WhiteElo "2515"]
[BlackElo "2475"]
[PlyCount "36"]
[EventDate "2014.11.20"]
[EventType "team"]
[EventRounds "11"]
[EventCountry "AUT"]
[WhiteTeam "SV Raika Rapid Feffernitz"]
[BlackTeam "Schachclub MPOE Maria Saal"]

1. d4 d5 2. c4 c6 3. Nf3 Nf6 4. Nc3 a6 5. cxd5 cxd5 6. Bf4 Nc6 7. Rc1 e6 8. e3
Bd6 9. Bxd6 Qxd6 10. Bd3 O-O 11. O-O e5 12. dxe5 Nxe5 13. Be2 Nc6 14. Nd4 Ne5
15. Nf3 Nc6 16. Nd4 Ne5 17. Nf3 Nc6 18. Nd4 Ne5 1/2-1/2

[Event "1. Bundesliga 2014/2015"]
[Site "Feffernitz, St. Veit/Glan, Mayrhofen"]
[Date "2014.11.23"]
[Round "4"]
[Board "6"]
[White "Halvax, Georg"]
[Black "Fauland, Alexander"]
[Result "0-1"]
[WhiteElo "2343"]
[BlackElo "2433"]
[PlyCount "82"]
[EventDate "2014.11.20"]
[EventType "team"]
[EventRounds "11"]
[EventCountry "AUT"]
[WhiteTeam "Schachclub MPOE Maria Saal"]
[BlackTeam "SV Raika Rapid Feffernitz"]

1. e4 d6 2. d4 c6 3. Nc3 g6 4. h4 Bg7 5. h5 Qb6 6. Nge2 Nf6 7. h6 Bf8 8. Bg5
Nbd7 9. a4 a5 10. Qd2 e5 11. f3 Be7 12. g4 O-O 13. O-O-O Qb4 14. Qd3 Re8 15.
Be3 d5 16. exd5 cxd5 17. g5 e4 18. fxe4 dxe4 19. Qd2 Nb6 20. Ng3 Nxa4 21. Nxa4
Qxa4 22. c4 Bd7 23. Kb1 Ng4 24. Be2 Bb4 25. Qc1 Qb3 26. Bf4 Nf2 27. Rhf1 Nxd1
28. Bxd1 Qd3+ 29. Bc2 Qxc4 30. Nxe4 Rxe4 31. Bxe4 Qxd4 32. Bxb7 Bf5+ 33. Ka2
Bd2 34. Qc6 Bd7 35. Qf6 Qa4+ 36. Kb1 Bf5+ 37. Qxf5 gxf5 38. Bxd2 Rb8 39. Rc1
Qb5 40. Rc7 Qd3+ 41. Kc1 Rd8 0-1

[Event "1. Bundesliga 2014/2015"]
[Site "Feffernitz, St. Veit/Glan, Mayrhofen"]
[Date "2014.11.23"]
[Round "4"]
[Board "1"]
[White "Kozul, Zdenko"]
[Black "Volokitin, Andrei"]
[Result "0-1"]
[WhiteElo "2630"]
[BlackElo "2642"]
[PlyCount "104"]
[EventDate "2014.11.20"]
[EventType "team"]
[EventRounds "11"]
[EventCountry "AUT"]
[WhiteTeam "SV Wolfsberg"]
[BlackTeam "Sparkasse Jenbach"]

1. d4 Nf6 2. Nf3 g6 3. c4 Bg7 4. Nc3 d5 5. Qb3 dxc4 6. Qxc4 O-O 7. e4 a6 8. Bf4
b5 9. Qxc7 Qxc7 10. Bxc7 Bb7 11. Bd3 b4 12. Na4 Bxe4 13. Bxe4 Nxe4 14. O-O Nf6
15. Rac1 Nbd7 16. Rc4 Nd5 17. Rfc1 a5 18. g3 Rfc8 19. b3 Ra7 20. Be5 Rxc4 21.
bxc4 Nxe5 22. dxe5 Bh6 23. Rc2 Rc7 24. Kf1 Nc3 25. Nxc3 Rxc4 26. Ke2 bxc3 27.
Kd3 Ra4 28. Nd4 Bd2 29. Nb5 g5 30. a3 Kg7 31. Nxc3 Bxc3 32. Rxc3 Kg6 33. f3 Kf5
34. Kc2 Kxe5 35. Rc5+ Kf6 36. Kb3 Rd4 37. Kc3 Rd1 38. Rxa5 Rf1 39. Rd5 Rxf3+
40. Kb4 e5 41. a4 e4 42. a5 Rf1 43. Rd2 Rb1+ 44. Kc5 Ra1 45. Kb6 Ke5 46. Rd7 f5
47. Rxh7 e3 48. Re7+ Kd4 49. h4 gxh4 50. gxh4 f4 51. h5 f3 52. h6 f2 0-1

[Event "1. Bundesliga 2014/2015"]
[Site "Feffernitz, St. Veit/Glan, Mayrhofen"]
[Date "2014.11.23"]
[Round "4"]
[Board "2"]
[White "Nisipeanu, Liviu-Dieter"]
[Black "Stevic, Hrvoje"]
[Result "1-0"]
[WhiteElo "2651"]
[BlackElo "2594"]
[PlyCount "76"]
[EventDate "2014.11.20"]
[EventType "team"]
[EventRounds "11"]
[EventCountry "AUT"]
[WhiteTeam "Sparkasse Jenbach"]
[BlackTeam "SV Wolfsberg"]

1. d4 d5 2. Nf3 Nf6 3. c4 dxc4 4. e3 Bg4 5. Bxc4 e6 6. Qb3 Bxf3 7. gxf3 Nbd7 8.
Nc3 Nb6 9. Be2 c6 10. Bd2 g6 11. h4 h5 12. O-O-O Be7 13. Kb1 Qd7 14. Bc1 O-O-O
15. e4 Kb8 16. Bf4+ Ka8 17. Be3 Qc7 18. Rc1 Nfd7 19. Rhd1 Qb8 20. a4 Nc8 21. a5
a6 22. d5 exd5 23. exd5 c5 24. Ne4 Nd6 25. Bf4 Rhe8 26. Bf1 Qc7 27. Qa4 f5 28.
Ng5 Bxg5 29. hxg5 Ne5 30. Rc3 Re7 31. Rdc1 Rde8 32. Rxc5 Qd7 33. Qxd7 Rxd7 34.
Re1 Rde7 35. Rc3 Nef7 36. Rxe7 Rxe7 37. Re3 Rxe3 38. fxe3 Kb8 1-0

[Event "1. Bundesliga 2014/2015"]
[Site "Feffernitz, St. Veit/Glan, Mayrhofen"]
[Date "2014.11.23"]
[Round "4"]
[Board "3"]
[White "Jovanovic, Zoran"]
[Black "Schlosser, Philipp"]
[Result "1/2-1/2"]
[WhiteElo "2530"]
[BlackElo "2571"]
[PlyCount "156"]
[EventDate "2014.11.20"]
[EventType "team"]
[EventRounds "11"]
[EventCountry "AUT"]
[WhiteTeam "SV Wolfsberg"]
[BlackTeam "Sparkasse Jenbach"]

1. e4 c5 2. Nc3 Nc6 3. Nf3 g6 4. Bb5 Bg7 5. O-O d6 6. e5 dxe5 7. Bxc6+ bxc6 8.
Re1 f6 9. b3 Nh6 10. Ba3 Qa5 11. Na4 c4 12. d4 cxd3 13. cxd3 Nf5 14. d4 O-O 15.
dxe5 fxe5 16. Bb2 Nd4 17. Nxd4 exd4 18. Rxe7 Bf6 19. Re1 Qd5 20. Rc1 Bf5 21.
Qd2 Rfe8 22. Rcd1 Bg7 23. h3 c5 24. Nc3 Rxe1+ 25. Rxe1 Qc6 26. Ne2 Re8 27. Rc1
Bc8 28. Ng3 Bb7 29. f3 Qd6 30. Nf1 Ba6 31. Re1 Rxe1 32. Qxe1 c4 33. Qe8+ Bf8
34. bxc4 Bxc4 35. Nd2 Bf7 36. Qe4 d3 37. Kf1 Bxa2 38. Qa4 Qe6 39. Ne4 Bc4 40.
Ke1 a6 41. Qa5 h6 42. Qd8 Bb5 43. Kd2 g5 44. Ke3 Kf7 45. Qc7+ Be7 46. Bf6 Qd7
47. Qxd7 Bxd7 48. Bxe7 Kxe7 49. Kxd3 Bb5+ 50. Ke3 Bf1 51. g4 a5 52. Ng3 Bxh3
53. Nf5+ Kf6 54. Nxh6 a4 55. Kd4 Bg2 56. Nf5 Bxf3 57. Ne3 Ke6 58. Kc3 Ke5 59.
Nc4+ Kf4 60. Nd6 Bd5 61. Ne8 Be4 62. Nf6 Bg6 63. Kb4 Ke5 64. Nd7+ Kd6 65. Nb6
Be8 66. Nc4+ Ke6 67. Nb2 Bb5 68. Nd1 Bf1 69. Kxa4 Ke5 70. Kb4 Kf4 71. Kc3 Be2
72. Nf2 Bxg4 73. Kd2 Bf5 74. Ke2 Kg3 75. Ke3 Bg6 76. Ke2 Bh5+ 77. Kf1 Bf3 78.
Kg1 Bg2 1/2-1/2

[Event "1. Bundesliga 2014/2015"]
[Site "Feffernitz, St. Veit/Glan, Mayrhofen"]
[Date "2014.11.23"]
[Round "4"]
[Board "4"]
[White "Shengelia, David"]
[Black "Cebalo, Miso"]
[Result "1-0"]
[WhiteElo "2560"]
[BlackElo "2379"]
[PlyCount "65"]
[EventDate "2014.11.20"]
[EventType "team"]
[EventRounds "11"]
[EventCountry "AUT"]
[WhiteTeam "Sparkasse Jenbach"]
[BlackTeam "SV Wolfsberg"]

1. d4 Nf6 2. c4 e6 3. Nc3 c5 4. d5 exd5 5. cxd5 d6 6. Nf3 g6 7. Qa4+ Bd7 8. Qb3
Qc7 9. e4 Bg7 10. Bc4 O-O 11. O-O a6 12. a4 Bg4 13. Nd2 g5 14. e5 dxe5 15. Nde4
Nxe4 16. Nxe4 h6 17. h4 Bf5 18. Ng3 Bg6 19. hxg5 hxg5 20. Bxg5 Nd7 21. Be7 Rfe8
22. d6 Qb6 23. Qe3 Qxb2 24. Qg5 Qd4 25. Qxg6 Qxc4 26. Qh5 Qe6 27. Ra3 Rxe7 28.
dxe7 Nf6 29. Qh3 Qxe7 30. Nf5 Qe6 31. Rg3 Ne8 32. Rd1 Qf6 33. Rd7 1-0

[Event "1. Bundesliga 2014/2015"]
[Site "Feffernitz, St. Veit/Glan, Mayrhofen"]
[Date "2014.11.23"]
[Round "4"]
[Board "5"]
[White "Steflitsch, Erich"]
[Black "Boensch, Uwe"]
[Result "0-1"]
[WhiteElo "2343"]
[BlackElo "2541"]
[PlyCount "42"]
[EventDate "2014.11.20"]
[EventType "team"]
[EventRounds "11"]
[EventCountry "AUT"]
[WhiteTeam "SV Wolfsberg"]
[BlackTeam "Sparkasse Jenbach"]

1. d4 Nf6 2. c4 e6 3. Nc3 Bb4 4. Qc2 c5 5. dxc5 Na6 6. a3 Bxc3+ 7. Qxc3 Nxc5 8.
b4 Nce4 9. Qd4 d5 10. c5 b6 11. f3 bxc5 12. bxc5 O-O 13. fxe4 Nxe4 14. Nf3 Rb8
15. e3 f6 16. Bd3 e5 17. Qa4 Nxc5 18. Bxh7+ Kxh7 19. Qxa7 Qd6 20. a4 Nd3+ 21.
Ke2 Rb3 0-1

[Event "1. Bundesliga 2014/2015"]
[Site "Feffernitz, St. Veit/Glan, Mayrhofen"]
[Date "2014.11.23"]
[Round "4"]
[Board "6"]
[White "Lehner, Oliver"]
[Black "Hresc, Vladimir"]
[Result "1-0"]
[WhiteElo "2425"]
[BlackElo "2400"]
[PlyCount "53"]
[EventDate "2014.11.20"]
[EventType "team"]
[EventRounds "11"]
[EventCountry "AUT"]
[WhiteTeam "Sparkasse Jenbach"]
[BlackTeam "SV Wolfsberg"]

1. e4 e5 2. Nf3 Nc6 3. Bb5 a6 4. Ba4 Nf6 5. O-O Be7 6. Re1 d6 7. c3 O-O 8. d4
b5 9. Bb3 exd4 10. cxd4 Bg4 11. Nc3 Bxf3 12. gxf3 Na5 13. Bc2 Nh5 14. a4 c6 15.
f4 g6 16. axb5 axb5 17. e5 dxe5 18. fxe5 f5 19. d5 b4 20. d6 bxc3 21. dxe7 Qxe7
22. bxc3 Kh8 23. Qf3 c5 24. Bh6 Ng7 25. Ra4 Ra7 26. Rea1 Rfa8 27. Rxa5 1-0

[Event "1. Bundesliga 2014/2015"]
[Site "Feffernitz, St. Veit/Glan, Mayrhofen"]
[Date "2014.11.23"]
[Round "4"]
[Board "1"]
[White "Prohaszka, Peter"]
[Black "Luther, Thomas"]
[Result "1-0"]
[WhiteElo "2597"]
[BlackElo "2570"]
[PlyCount "69"]
[EventDate "2014.11.20"]
[EventType "team"]
[EventRounds "11"]
[EventCountry "AUT"]
[WhiteTeam "SV Jacques Lemans St. Veit"]
[BlackTeam "SK Absam"]

1. d4 e6 2. c4 Nf6 3. Nc3 Bb4 4. Qc2 d5 5. cxd5 exd5 6. Bg5 c5 7. dxc5 h6 8.
Bh4 O-O 9. e3 Be6 10. Nf3 Nbd7 11. c6 bxc6 12. Be2 Qc7 13. O-O Bd6 14. Rac1
Rac8 15. Ba6 Rb8 16. Be2 Ng4 17. Nb5 Bxh2+ 18. Kh1 Qa5 19. Nbd4 Bd6 20. Nxc6
Qxa2 21. Nxb8 Rxb8 22. Nd4 Nge5 23. Nb5 Qa6 24. Ra1 Qb6 25. Nxd6 Qxd6 26. Bg3
d4 27. exd4 Qxd4 28. Qc3 Qxc3 29. bxc3 Rb2 30. Rfe1 Ng6 31. Rxa7 Nc5 32. Bf1
Rc2 33. c4 h5 34. Bd6 Nb3 35. Bd3 1-0

[Event "1. Bundesliga 2014/2015"]
[Site "Feffernitz, St. Veit/Glan, Mayrhofen"]
[Date "2014.11.23"]
[Round "4"]
[Board "2"]
[White "Dizdar, Goran"]
[Black "Kuljasevic, Davorin"]
[Result "1/2-1/2"]
[WhiteElo "2500"]
[BlackElo "2546"]
[PlyCount "62"]
[EventDate "2014.11.20"]
[EventType "team"]
[EventRounds "11"]
[EventCountry "AUT"]
[WhiteTeam "SK Absam"]
[BlackTeam "SV Jacques Lemans St. Veit"]

1. Nf3 Nf6 2. g3 d5 3. Bg2 c6 4. O-O Bg4 5. c4 e6 6. d3 Nbd7 7. cxd5 exd5 8.
Nc3 Be7 9. h3 Bxf3 10. Bxf3 d4 11. Ne4 Nxe4 12. Bxe4 O-O 13. Bd2 a5 14. Qc2 Qb6
15. Rab1 Rfe8 16. Bf3 Bb4 17. Rfc1 Bxd2 18. Qxd2 Re5 19. b4 Rb5 20. bxa5 Raxa5
21. Rxb5 Rxb5 22. Qf4 Ne5 23. Be4 g6 24. Qf6 Nd7 25. Qd6 Nc5 26. Bf3 Ne6 27. h4
Qc7 28. Qxc7 Nxc7 29. Rc4 Ne6 30. a4 Ra5 31. Rb4 Nc5 1/2-1/2

[Event "1. Bundesliga 2014/2015"]
[Site "Feffernitz, St. Veit/Glan, Mayrhofen"]
[Date "2014.11.23"]
[Round "4"]
[Board "3"]
[White "Bosiocic, Marin"]
[Black "Rotstein, Arkadij"]
[Result "1-0"]
[WhiteElo "2556"]
[BlackElo "2500"]
[PlyCount "79"]
[EventDate "2014.11.20"]
[EventType "team"]
[EventRounds "11"]
[EventCountry "AUT"]
[WhiteTeam "SV Jacques Lemans St. Veit"]
[BlackTeam "SK Absam"]

1. e4 c5 2. Nf3 e6 3. d4 cxd4 4. Nxd4 a6 5. Bd3 Qc7 6. O-O Nf6 7. Qe2 d6 8. c4
g6 9. Nc3 Bg7 10. Nf3 O-O 11. Rd1 Nc6 12. h3 Nd7 13. Bf4 Bxc3 14. bxc3 e5 15.
Bh6 Re8 16. Nh2 Nc5 17. Bc2 f6 18. Nf1 Be6 19. Ne3 Nd8 20. Nd5 Bxd5 21. exd5
Nf7 22. Be3 Rac8 23. Rab1 Re7 24. Qg4 Kg7 25. Rb4 Qd7 26. Qh4 f5 27. f4 exf4
28. Bd4+ Ne5 29. Qxf4 Kg8 30. Qg5 Rf8 31. Rdb1 Qc7 32. Kh1 Rff7 33. Rf1 Ncd3
34. Rbb1 Qxc4 35. Rxf5 Qxa2 36. Bxd3 Nxd3 37. Rxb7 Ne5 38. Rxf7 Rxf7 39. Qd8+
Rf8 40. Qe7 1-0

[Event "1. Bundesliga 2014/2015"]
[Site "Feffernitz, St. Veit/Glan, Mayrhofen"]
[Date "2014.11.23"]
[Round "4"]
[Board "4"]
[White "Wegerle, Joerg"]
[Black "Rogic, Davor"]
[Result "1/2-1/2"]
[WhiteElo "2434"]
[BlackElo "2547"]
[PlyCount "131"]
[EventDate "2014.11.20"]
[EventType "team"]
[EventRounds "11"]
[EventCountry "AUT"]
[WhiteTeam "SK Absam"]
[BlackTeam "SV Jacques Lemans St. Veit"]

1. e4 e5 2. Nf3 Nc6 3. Bb5 Nf6 4. O-O Nxe4 5. Re1 Nd6 6. Nxe5 Be7 7. Bf1 Nf5 8.
c3 O-O 9. d4 Nxe5 10. Rxe5 g6 11. Nd2 d5 12. Nf3 c6 13. Re1 Bd6 14. Bd3 f6 15.
Qc2 Re8 16. Bd2 Be6 17. Re2 Qd7 18. Rae1 Ng7 19. Bh6 Bg4 20. Bxg7 Kxg7 21. Rxe8
Rxe8 22. Rxe8 Qxe8 23. Qd1 b6 24. h3 Bd7 25. Qa4 Bb8 26. Qb3 Qe6 27. a4 Bc7 28.
Qd1 Qd6 29. Kf1 c5 30. b3 Be6 31. Qe2 Bf7 32. Bb5 Kf8 33. Qd2 Qe6 34. Qh6+ Kg8
35. Qe3 Qd6 36. Be8 Be6 37. Bb5 Bd8 38. c4 Kg7 39. cxd5 Bxd5 40. dxc5 bxc5 41.
Qd3 Ba5 42. Kg1 Bc7 43. Bc4 Bc6 44. Qxd6 Bxd6 45. Ne1 f5 46. Nd3 g5 47. f3 h5
48. Kf2 h4 49. Kf1 Kf6 50. Kf2 Be5 51. Kf1 Bd4 52. Bg8 Ke7 53. Bc4 Kd6 54. Ke2
g4 55. Nf4 Bg7 56. hxg4 fxg4 57. fxg4 Bh6 58. Ne6 Bc1 59. g5 Be4 60. Kf2 a5 61.
Nd8 Ke7 62. Ne6 Bb2 63. Nf4 Bd4+ 64. Kf1 Be5 65. Bd3 Bxf4 66. Bxe4 1/2-1/2

[Event "1. Bundesliga 2014/2015"]
[Site "Feffernitz, St. Veit/Glan, Mayrhofen"]
[Date "2014.11.23"]
[Round "4"]
[Board "5"]
[White "Hoelzl, Franz"]
[Black "Deglmann, Ludwig"]
[Result "0-1"]
[WhiteElo "2333"]
[BlackElo "2374"]
[PlyCount "76"]
[EventDate "2014.11.20"]
[EventType "team"]
[EventRounds "11"]
[EventCountry "AUT"]
[WhiteTeam "SV Jacques Lemans St. Veit"]
[BlackTeam "SK Absam"]

1. d4 f5 2. Nf3 Nf6 3. e3 g6 4. Nbd2 Bg7 5. Bd3 O-O 6. O-O d6 7. e4 fxe4 8.
Nxe4 Nxe4 9. Bxe4 d5 10. Bd3 Nc6 11. c3 Qd6 12. h3 e5 13. dxe5 Nxe5 14. Nxe5
Bxe5 15. Bh6 Bg7 16. Qd2 Bxh6 17. Qxh6 Bf5 18. Rad1 Rae8 19. Qd2 c6 20. Rfe1
Bxd3 21. Qxd3 Qf4 22. Re2 Re5 23. g3 Qf5 24. Qxf5 Rfxf5 25. Rde1 Rxe2 26. Rxe2
Kf7 27. Kg2 Rf6 28. f4 Rd6 29. Kf3 d4 30. Rd2 dxc3 31. Rc2 Rd3+ 32. Kg4 cxb2
33. Rxb2 b6 34. Rf2 Kf6 35. Kh4 c5 36. g4 c4 37. Re2 c3 38. Re8 Rd5 0-1

[Event "1. Bundesliga 2014/2015"]
[Site "Feffernitz, St. Veit/Glan, Mayrhofen"]
[Date "2014.11.23"]
[Round "4"]
[Board "6"]
[White "Gerhold, Michael"]
[Black "Hebesberger, Thomas"]
[Result "1/2-1/2"]
[WhiteElo "2217"]
[BlackElo "2338"]
[PlyCount "108"]
[EventDate "2014.11.20"]
[EventType "team"]
[EventRounds "11"]
[EventCountry "AUT"]
[WhiteTeam "SK Absam"]
[BlackTeam "SV Jacques Lemans St. Veit"]

1. d4 d6 2. Nf3 g6 3. c4 Bg7 4. e4 e5 5. Be3 Bg4 6. Be2 Bxf3 7. Bxf3 Nc6 8. d5
Nd4 9. Bxd4 exd4 10. Nd2 Ne7 11. O-O O-O 12. Be2 Qd7 13. Bg4 f5 14. Bh3 h6 15.
Nf3 c5 16. dxc6 Qxc6 17. exf5 Nxf5 18. Rc1 Qb6 19. b3 Rae8 20. Bxf5 Rxf5 21.
Ne1 Rfe5 22. Nd3 Re4 23. g3 Qa5 24. a4 Qf5 25. Re1 h5 26. Rxe4 Rxe4 27. h4 Bh6
28. Rc2 b6 29. Kg2 Qe6 30. Qf3 a5 31. Kf1 Qh3+ 32. Qg2 Qg4 33. f3 Qf5 34. Re2
Be3 35. Nf4 Re8 36. Nd5 Qb1+ 37. Re1 Qd3+ 38. Qe2 Qf5 39. Kg2 Re5 40. f4 Re8
41. Qf3 Qc2+ 42. Re2 d3 43. Rxc2 dxc2 44. Nf6+ Kf8 45. Nxe8 c1=Q 46. Nc7 Qc2+
47. Kh1 Qxb3 48. Qa8+ Kg7 49. Qf3 Qxc4 50. Ne8+ Kf8 51. Qxe3 Qc6+ 52. Kh2 Qxe8
53. Qxb6 Qe2+ 54. Kg1 Qe1+ 1/2-1/2

[Event "1. Bundesliga 2014/2015"]
[Site "Feffernitz, St. Veit/Glan, Mayrhofen"]
[Date "2015.02.26"]
[Round "5"]
[Board "1"]
[White "Luther, Thomas"]
[Black "Haba, Petr"]
[Result "1/2-1/2"]
[WhiteElo "2570"]
[BlackElo "2512"]
[PlyCount "99"]
[EventDate "2014.11.20"]
[EventType "team"]
[EventRounds "11"]
[EventCountry "AUT"]
[WhiteTeam "SK Absam"]
[BlackTeam "Spk. Grieskirchen/Schallerbach"]

1.e4 c6 2.d4 d5 3.Nd2 dxe4 4.Nxe4 Bf5 5.Ng3 Bg6 6.Nf3 Nd7 7.Bd3 e6 8.O-O Ngf6 9.Re1
Be7 10.Bxg6 hxg6 11.Qe2 O-O 12.Ne4 Nxe4 13.Qxe4 Qa5 14.c4 Qf5 15.Qe2 b5 16.c5 Rfe8
17.a4 a6 18.b4 g5 19.h3 Bf6 20.Qe4 Qxe4 21.Rxe4 e5 22.Bxg5 Bxg5 23.Nxg5 f5 24.Re2
exd4 25.Rd2 Nf6 26.Rxd4 Nd5 27.Kf1 bxa4 28.Rxa4 Reb8 29.Ne6 a5 30.Rxa5 Rxa5 31.bxa5
Rb1+ 32.Ke2 Ra1 33.Nd8 Rxa5 34.Nxc6 Nc3+ 35.Kd3 Rxc5 36.Rc4 Rxc4 37.Kxc4 Nd1 38.Ne7+
Kf7 39.Nxf5 Nxf2 40.Kd4 Kf6 41.Nd6 Nxh3 42.Ne4+ Kg6 43.gxh3 Kh5 44.Nf2 Kh4 45.Ke4
Kg3 46.Ke3 g5 47.Ke2 Kg2 48.Ke1 Kg3 49.Kf1 Kh2 50.Ke2 1/2-1/2

[Event "1. Bundesliga 2014/2015"]
[Site "Feffernitz, St. Veit/Glan, Mayrhofen"]
[Date "2015.02.26"]
[Round "5"]
[Board "2"]
[White "Kilgus, Georg"]
[Black "Dizdar, Goran"]
[Result "0-1"]
[WhiteElo "2429"]
[BlackElo "2500"]
[PlyCount "82"]
[EventDate "2014.11.20"]
[EventType "team"]
[EventRounds "11"]
[EventCountry "AUT"]
[WhiteTeam "Spk. Grieskirchen/Schallerbach"]
[BlackTeam "SK Absam"]

1.Nf3 Nf6 2.g3 d5 3.Bg2 e6 4.O-O Be7 5.d4 O-O 6.c4 c6 7.Nc3 Nbd7 8.b3 b6 9.Nd2 b5
10.e4 bxc4 11.bxc4 Ba6 12.Re1 dxc4 13.Qa4 Bb5 14.Qc2 Bb4 15.Bb2 Rc8 16.Bf1 e5 17.Ncb1
Qb6 18.a4 exd4 19.axb5 cxb5 20.e5 c3 21.Qf5 cxb2 22.Ra2 g6 23.Qh3 Rce8 24.Rxb2 Bxd2
25.Nxd2 Rxe5 26.Rxe5 Nxe5 27.Rxb5 Qc7 28.Qh4 Qd6 29.Qf4 Re8 30.Rb7 a5 31.Ra7 Nh5 32.Qe4
Nf6 33.Qf4 d3 34.Rxa5 Kg7 35.Ra4 Re6 36.Rd4 Qa3 37.Kg2 Qa8+ 38.Kg1 Qa1 39.Kg2 Nfg4
40.Ra4 Qd1 41.Qb4 Rf6 0-1

[Event "1. Bundesliga 2014/2015"]
[Site "Feffernitz, St. Veit/Glan, Mayrhofen"]
[Date "2015.02.26"]
[Round "5"]
[Board "3"]
[White "Rotstein, Arkadij"]
[Black "Schwabeneder, Florian"]
[Result "1-0"]
[WhiteElo "2500"]
[BlackElo "2320"]
[PlyCount "73"]
[EventDate "2014.11.20"]
[EventType "team"]
[EventRounds "11"]
[EventCountry "AUT"]
[WhiteTeam "SK Absam"]
[BlackTeam "Spk. Grieskirchen/Schallerbach"]

1.Nf3 e6 2.g3 f5 3.Bg2 Nf6 4.O-O Be7 5.d4 O-O 6.Bg5 d6 7.Nbd2 Nc6 8.Re1 Ne4 9.Bxe7
Qxe7 10.c4 Nxd2 11.Qxd2 e5 12.b4 e4 13.b5 Nb8 14.Qe3 Nd7 15.Nd2 c6 16.a4 Nf6 17.Qa3
Re8 18.e3 Be6 19.bxc6 bxc6 20.Rab1 Rab8 21.a5 Qc7 22.c5 d5 23.Nb3 g5 24.a6 f4 25.Na5
f3 26.Bf1 Rxb1 27.Rxb1 Bc8 28.Qa4 Re6 29.Nb7 Ne8 30.Qa5 Re7 31.Qxc7 Nxc7 32.Nd6 Bxa6
33.Rb8+ Kg7 34.Nf5+ Kf6 35.Nxe7 Kxe7 36.Bxa6 Nxa6 37.Rb7+ 1-0

[Event "1. Bundesliga 2014/2015"]
[Site "Feffernitz, St. Veit/Glan, Mayrhofen"]
[Date "2015.02.26"]
[Round "5"]
[Board "4"]
[White "Singer, Christoph"]
[Black "Deglmann, Ludwig"]
[Result "1/2-1/2"]
[WhiteElo "2358"]
[BlackElo "2374"]
[PlyCount "62"]
[EventDate "2014.11.20"]
[EventType "team"]
[EventRounds "11"]
[EventCountry "AUT"]
[WhiteTeam "Spk. Grieskirchen/Schallerbach"]
[BlackTeam "SK Absam"]

1.e4 c5 2.Nf3 Nc6 3.Bb5 g6 4.Bxc6 bxc6 5.O-O Bg7 6.Re1 Nh6 7.c3 O-O 8.d4 cxd4 9.cxd4
f6 10.b3 Nf7 11.Bb2 e5 12.Nbd2 Re8 13.Qc2 Bb7 14.Rad1 d6 15.Nc4 Qc7 16.Qc3 Rac8 17.dxe5
fxe5 18.Na5 Ba8 19.b4 c5 20.Ba3 cxb4 21.Qxc7 Rxc7 22.Bxb4 Bf8 23.a3 Rec8 24.Kf1 Rc2
25.Rd2 Bh6 26.Rxc2 Rxc2 27.Rd1 Bxe4 28.Bxd6 Bxf3 29.gxf3 Bd2 30.Nb3 Nxd6 31.Rxd2 Rxd2 1/2-1/2

[Event "1. Bundesliga 2014/2015"]
[Site "Feffernitz, St. Veit/Glan, Mayrhofen"]
[Date "2015.02.26"]
[Round "5"]
[Board "5"]
[White "De Francesco, Klaus"]
[Black "Lentrodt, Thomas"]
[Result "1-0"]
[WhiteElo "2237"]
[BlackElo "2271"]
[PlyCount "75"]
[EventDate "2014.11.20"]
[EventType "team"]
[EventRounds "11"]
[EventCountry "AUT"]
[WhiteTeam "SK Absam"]
[BlackTeam "Spk. Grieskirchen/Schallerbach"]

1.d4 Nf6 2.c4 e6 3.Nc3 d5 4.cxd5 Nxd5 5.e4 Nxc3 6.bxc3 c5 7.a3 cxd4 8.cxd4 Nc6 9.Nf3
Be7 10.Bc4 O-O 11.O-O b6 12.Bb2 Na5 13.Bd3 Bb7 14.Qe2 Rc8 15.Rad1 Bf6 16.Ne5 Rc7 17.f4
Be7 18.f5 exf5 19.Rxf5 f6 20.Ng4 Bc8 21.Rff1 Be6 22.Ne3 Bb3 23.Rc1 Rxc1 24.Rxc1 Be6
25.d5 Bd7 26.e5 fxe5 27.Qh5 g6 28.Bxg6 hxg6 29.Qxg6+ Kh8 30.d6 Bf6 31.Nd5 Nc6 32.Rc3
Bg5 33.Rg3 Bf5 34.Qxg5 Qxg5 35.Rxg5 Nd4 36.h4 Kh7 37.Ne7 Bd3 38.Rxe5 1-0

[Event "1. Bundesliga 2014/2015"]
[Site "Feffernitz, St. Veit/Glan, Mayrhofen"]
[Date "2015.02.26"]
[Round "5"]
[Board "6"]
[White "Obermayr, Hermann"]
[Black "Duer, Werner"]
[Result "1/2-1/2"]
[WhiteElo "2182"]
[BlackElo "2277"]
[PlyCount "73"]
[EventDate "2014.11.20"]
[EventType "team"]
[EventRounds "11"]
[EventCountry "AUT"]
[WhiteTeam "Spk. Grieskirchen/Schallerbach"]
[BlackTeam "SK Absam"]

1.d4 Nf6 2.c4 e6 3.a3 d5 4.Nc3 Be7 5.Nf3 O-O 6.Bf4 b6 7.e3 Bb7 8.cxd5 Nxd5 9.Bg3 c5
10.Bd3 cxd4 11.exd4 Nc6 12.O-O Rc8 13.Bc2 g6 14.Qd3 Nxc3 15.bxc3 Bf6 16.h4 Ne7 17.Bf4
Nd5 18.Bd2 Qc7 19.Bb3 Rfd8 20.Rac1 Nf4 21.Qe3 Nd5 22.Qd3 Ne7 23.Ng5 Bd5 24.Bxd5 Nxd5
25.Rfe1 Bg7 26.Qf3 Nf6 27.Bf4 Qc6 28.Qh3 b5 29.Be5 Nh5 30.Bxg7 Kxg7 31.Ne4 Rd5 32.Qe3
Qc7 33.g3 Qd8 34.Nc5 Rc6 35.Nd3 Rb6 36.Ne5 Qf6 37.Ng4 1/2-1/2